000 00176nam a2200085Ia 4500
008 240331s9999 xx 000 0 und d
100 _aAmmal,Y
245 0 _aBharathi ,N
942 _cL
999 _c4264
_d4264